Agricultura y medio ambiente fronterizos El Bajo Ro̕ Bravo /

Bibliographic Details
Main Author: Peą Ramr̕ez, Jaime
Format: eBook
Language:Spanish
Published: Mx̌ico D.F.: Plaza y Valdš Editores, 2008
Subjects:
Online Access:Acceso restringido

MARC

LEADER 00000nam a22000007a 4500
005 20130712144417.0
007 cr|||| ||||
008 130712s2008 mx |||||s|||| 00||0 spa d
020 |a 978-607-402-016-8 
035 |a 11435 
040 |a vLex 
090 |c 4454  |d 4454 
100 1 |a Peą Ramr̕ez, Jaime 
245 1 0 |a Agricultura y medio ambiente fronterizos  |h [Recurso electrn̤ico] :  |b  El Bajo Ro̕ Bravo /  |c Jaime Peą Ramr̕ez 
256 |a Servicio en ln̕ea 
260 |a Mx̌ico D.F.:  |b Plaza y Valdš Editores,  |c 2008 
300 |a 1 recurso electrn̤ico 
506 1 |a Contenido solo disponible en los productos indicados  |d vLex Global  |d vLex Global (Academic Edition, excluding Law Schools)  |d vLex Global (U.S. Academic Edition, Law Schools)  |d vLex Global (U.S. Academic Edition, excluding Law Schools)  |d vLex Global (Academic Edition, Law Schools) 
650 0 4 |a Agricultura  |z Mx̌ico 
650 0 4 |a Medio Ambiente  |z Mx̌ico 
740 0 |a vLex Libros (Servicio en ln̕ea) 
856 4 0 |u http://vlex.com/source/agricultura-medio-ambiente-fronterizos-bajo-rio-bravo-11435  |z Acceso restringido 
942 |c BOOK 
999 0 |a Agriculture 
999 0 |a Environment